000 00302nam a22001337a 4500
008 170908b xxu||||| |||| 00| 0 eng d
020 _a9780073379777
041 _aeng
080 _212 ED
_a91
100 _a42
101 _aGEO
245 _aGLOBAL STUDIES AFRICA
_cKRABCHER.TH
942 _2udc
_cBK
999 _c26793
_d26793